Rodiny na rieke motto: Maj úctu k duši svojho dieťaťa

Podrobná bibliografia
Hlavný autor: Hriňáková, Alena (Autor)
Ďalší autori: Tomko, Anton (fot)
Médium: Článok
Jazyk:slovenčina
Fyzický popis:1 foto
Predmet:

MARC

LEADER 00000nab a2200000 a 4500
001 vtls001024088
003 SK-MaSNL
005 20260303042048.0
008 040720e19960718xo 0 slo
035 |a SL2657 
040 |a SLLK  |b slo  |c SLLK  |e AACR2 
041 0 |a slo 
044 |a xo  |c SK 
100 1 |a Hriňáková, Alena  |4 aut  |9 1022405 
245 1 0 |a Rodiny na rieke  |b motto: Maj úctu k duši svojho dieťaťa 
300 |b 1 foto 
518 |a 05.07.-07.07.1996 
611 1 7 |a Medzinárodný rodinný splav  |c Stará Ľubovňa, Slovensko  |2 SLLK  |9 95313 
650 0 7 |a priebeh  |2 SLLK  |9 29559 
655 7 |a periodikum  |2 snkbucl  |9 29553 
700 1 |a Tomko, Anton  |4 fot  |9 1027830 
773 0 8 |t Ľubovnianske noviny  |g Roč. 22, č.29, 18.7.1996, s. 3 
852 |a ZVYKNI  |b KIS3GCP 
999 |c 1690321  |d 1692251